000 004640000a22001570004500
003 MACL
005 20170701161415.0
008 170701b xxu||||| |||| 00| 0 eng d
040 _cmacl
100 _a कलाम, ए पी जे अब्‍दुल
_967802
245 _aविजयी भव
260 _b प्रभात प्रकाशन
_c2008
350 _a200
650 _a एज्‍यूकेशन,
_967984
942 _cHIN
_k080
_2ddc
999 _c42041
_d42041